书目信息 |
| 题名: |
安装电工基本技术
|
|
| 作者: | 徐第 , 孙俊英 编著 | |
| 分册: | ||
| 出版信息: | 北京 金盾出版社 1996.11 |
|
| 页数: | 408页 | |
| 开本: | 32开 | |
| 丛书名: | ||
| 单 册: | ||
| 中图分类: | TU85 | |
| 科图分类: | ||
| 主题词: | 房屋建筑设备:机电设备 | |
| 电子资源: | ||
| ISBN: | 7-5082-0272-4 | |
| 000 | 00603nam0 2200205 45 | |
| 001 | 0008030937 | |
| 005 | 20000803093806.9 | |
| 010 | @a7-5082-0272-4@d12.00元 | |
| 100 | @a20000803d1996 km y0chiy0120 ea | |
| 101 | 0 | @achi |
| 105 | @a z 000yy | |
| 200 | 1 | @a安装电工基本技术@AAn Zhuang Dian Gong Ji Ben Ji Shu@f徐第,孙俊英编著@FXu Di,Sun Jun Ying Bian Zhu |
| 210 | @a北京@c金盾出版社@d1996.11 | |
| 215 | @a408页@d32开 | |
| 606 | 0 | @a房屋建筑设备:机电设备 |
| 690 | @aTU85@v3 | |
| 701 | 0 | @a徐第@4编著 |
| 701 | 0 | @a孙俊英@4编著 |
| 801 | @aCN@bPftUser@c20000803 | |
| 905 | @b86010-014@dTU85@eX.316@f5 | |
| 安装电工基本技术/徐第,孙俊英编著.-北京:金盾出版社,1996.11 |
| 408页;32开 |
| ISBN 7-5082-0272-4:12.00元 |
| ● |
| 相关链接 |
|
|
|
正题名:安装电工基本技术
索取号:TU85/X.316
 
预约/预借
| 序号 | 登录号 | 条形码 | 馆藏地/架位号 | 状态 | 备注 |
| 1 | 86010 | 200860103 | 建筑库201/201建筑库 53排7列4层/ [索取号:TU85/X.316] | 在馆 | |
| 2 | 86011 | 200860112 | 建筑库201/201建筑库 53排7列4层/ [索取号:TU85/X.316] | 在馆 | |
| 3 | 86012 | 200860121 | 建筑库201/201建筑库 53排7列4层/ [索取号:TU85/X.316] | 在馆 | |
| 4 | 86013 | 200860130 | 建筑库201/201建筑库 53排7列4层/ [索取号:TU85/X.316] | 在馆 | |
| 5 | 86014 | 200860149 | 建筑库201/201建筑库 53排7列4层/ [索取号:TU85/X.316] | 在馆 |